La práctica social de lectura en voz alta en la formación de lectores / (Registro nro. 32587)
[ vista simple ]
| 000 -CABECERA | |
|---|---|
| campo fijo de control de longitud | 01458nab a2200253 4500 |
| 003 - IDENTIFICADOR DEL NÚMERO DE CONTROL | |
| campo de control | AR-RoBPED |
| 005 - FECHA Y HORADE LA ULTIMA TRANSACCION | |
| campo de control | 20260421124511.0 |
| 008 - ELEMENTOS DE LONGITUD FIJA--INFORMACION GENERAL | |
| campo fijo de control de longitud | 260421b |||||||| |||| 00| 0 spa d |
| 040 ## - FUENTE CATALOGADORA | |
| Centro catalogador/agencia de origen | AR-RoBPED |
| 041 ## - IDIOMA | |
| Código de idioma para texto/pista de sonido o título independiente | spa |
| 100 1# - ENCABEZAMIENTO PRINCIPAL--AUTOR PERSONAL | |
| Nombre de persona | Arias, Arnaldo G. |
| 9 (RLIN) | 26582 |
| Función | Profesor de Educación Primaria |
| 245 13 - TITULO | |
| Título | La práctica social de lectura en voz alta en la formación de lectores / |
| 260 ## - PUBLICACION | |
| Lugar | Buenos Aires : |
| Editor | Noveduc, |
| Fecha | 2024 |
| 300 ## - DESCRIPCION FISICA | |
| Extensión | 34-39 p. |
| 500 ## - NOTA GENERAL | |
| Nota general | Este trabajo muestra las prácticas sociales de lectura en voz alta en primer grado "Marta Samatán" de la escuela primaria de la Universidad Nacional del Litoral durante el presente ciclo lectivo. Los autores hacen hincapié en la conversación que provoca la participación de la escucha en la práctica social de lectura en voz alta en el aula y se detienen en los imaginarios compartidos, en los debates que niñas y niños de seis años realizan, en las evocaciones de lecturas, en los acuerdos con los que construyen significados. |
| 650 #7 - TERMINO DE MATERIA--CONTROLADO | |
| Término controlado | LECTURA EN VOZ ALTA |
| 9 (RLIN) | 19152 |
| Término controlado | EXPERIENCIA PEDAGOGICA |
| 9 (RLIN) | 3265 |
| Término controlado | FORMACION DE LECTORES |
| 9 (RLIN) | 4197 |
| Término controlado | NIVEL PRIMARIO |
| 9 (RLIN) | 18876 |
| 700 1# - ENCABEZAMIENTO SECUNDARIO--AUTOR PERSONAL | |
| Nombre de persona | Baldengo, Ángela L. |
| 9 (RLIN) | 30776 |
| Función | Profesora de Lengua y Literatura |
| 773 0# - DOCUMENTO FUENTE | |
| Host Biblionumber | 20414 |
| Host Itemnumber | 41862 |
| Place, publisher, and date of publication | Buenos Aires : Noveduc, 1993- |
| Título | Novedades Educativas |
| Record control number | (AR-RoBPED)20414 |
| International Standard Serial Number | 03283534 |
| 942 ## - ELEMENTOS KOHA | |
| Fuente de clasificación | Universal Decimal Classification |
| Koha tipo de ítem | Revistas |
| Clasificación | 37(05) |
| Signatura librística | Nov 86 N° 399 (Nov.2024) |
| Número Koha | k.32587 |
| 945 ## - PROCESAMIENTO DE LA INFORMACIÓN LOCAL | |
| Catalogador y fecha | mar 04/2026 |
No hay ítems disponibles.